Statystyki dla CO MOŻEMY NAPISAĆ?

Kliknij tutaj aby rozwiązać quiz!

Ogólne statystyki

  • Ten quiz został rozwiązany 146 razy
  • Średni wynik to 3 z 8

Statystyki odpowiedzi

Odpowiedź% Poprawnych
List
83%
Książkę
67%
SMS
48%
Wiersz
44%
Email
43%
Wypracowanie
26%
Komentarz
11%
Recenzję
7%

Rozkład punktacji

Percentyl według liczby udzielonych odpowiedzi

Procent ludzi z każdym wynikiem

Twoja historia wyników

Nie rozwiązałeś tego quizu